[Event "Ordzhonikidze zt 1.9"]
[Site "Ordzhonikidze"]
[Date "2000.06.11"]
[Round "3"]
[White "Lerner, Konstantin Z"]
[Black "Mikhaletz, Lubomir"]
[Result "1/2-1/2"]
[WhiteElo "2575"]
[BlackElo "2513"]
[Annotator "Meulders,R"]
[PlyCount "140"]
[EventDate "2000.06.09"]
[EventType "swiss"]
[EventRounds "9"]
[EventCountry "UKR"]
[SourceTitle "CBM 078"]
[Source "ChessBase"]
[SourceDate "2000.10.18"]
[SourceVersion "1"]
[SourceVersionDate "2000.10.18"]
[SourceQuality "1"]

1. d4 d6 2. Nf3 Bg4 {Wem das Läuferpaar nicht nahe am Herzen liegt, kann mit
diesem frühen Ausflug das Problem der Entwicklung von Bc8 lösen.} 3. c4 Nf6 4.
Nc3 Bxf3 {Sonst vermeidet Weiss mit e4 die Bauernverdopplung.} 5. exf3 (5. gxf3
$5 g6 6. Qb3 Qc8 7. Bh3 Nfd7 8. e4 Bg7 9. Be3 O-O 10. f4 $14 {Kamsky,G-Adams,M/
Las Palmas/1994/CBM42/}) 5... e6 (5... g6 6. g4 (6. Qb3 Qc8 7. c5 (7. Be3 c6 8.
g3 Bg7 9. Bg2 O-O 10. d5 Na6 11. O-O c5 12. Rfe1 Nc7 13. Rad1 Rb8 14. a4 a6 15.
Bf1 b6 16. Qc2 Re8 17. Rd2 Qb7 18. Red1 Nd7 19. b3 Bxc3 20. Qxc3 b5 21. axb5
axb5 22. Ra1 $16 {1/2-1/2 Ikonnikov,V-Petit,E/Metz 1994/TD (42)}) (7. g3 Bg7 8.
Bg2 O-O 9. O-O Na6 10. Re1 Re8 11. Bg5 c6 12. Rad1 Nc7 13. Ne4 d5 14. Bxf6 dxc4
15. Qxc4 Bxf6 16. Nxf6+ exf6 17. Rxe8+ Qxe8 18. Qb4 Qe2 19. Re1 Nd5 20. Rxe2
Nxb4 21. a3 Nd5 $11 {1/2-1/2 Gruenberg,H-Velicka,P/Bayern 1998/EXT 2000 (62)})
7... Bg7 8. cxd6 exd6 9. Be2 O-O 10. O-O Nc6 11. Rd1 Nd7 12. Be3 Ne7 13. Bd3 c6
(13... Nb6) 14. Bg5 Re8 15. Re1 Bf6 16. Ne4 Nd5 17. Nxd6 $18 {1/2-1/2
Bronstein,D-Gipslis,A/Zagreb 1965/MCL (45)}) (6. Be2 Bg7 7. Be3 (7. Qb3 Qc8 8.
Be3 O-O 9. O-O Nbd7 10. Rfd1 c6 11. d5 $14 Qc7 12. Rac1 Rfe8 13. f4 a6 14. Bf3
Rac8 15. g3 Qb8 16. Kg2 Rc7 17. Rd2 $6 (17. g4 $5 cxd5 18. cxd5 Rec8 19. g5 Nh5
20. Bxh5 gxh5 21. Ne4 $14) (17. a4 $1 a5 18. Rd2 $14) 17... cxd5 18. cxd5 b5
19. Qd1 Nb6 20. b3 {1/2-1/2 Salov,V-Adams,M/New York 1996/CBM 52/[Salov] (56)})
(7. O-O O-O 8. f4 c6 9. d5 Nbd7 10. Be3 Qa5 (10... cxd5 11. cxd5 Qa5 12. a3
Rfc8 13. Bd4 Qd8 14. Bf3 a6 15. Rc1 Rc4 16. Qd3 Rac8 17. b3 R4c7 18. Na2 Ne8
19. Bxg7 Kxg7 20. g3 Nef6 $11 {1/2-1/2 Piven,I-Ikonnikov,V/Schwaebisch Gmuend
1995/CBM 45 ext/[Meulders] (48)}) 11. Rb1 Rfc8 12. b4 Qc7 13. dxc6 bxc6 14. Qd3
a5 15. b5 Rab8 16. Rfc1 Nc5 17. Qc2 cxb5 18. Rxb5 Nfd7 19. Rxb8 Rxb8 20. Nb5
Qc8 $14 {1/2-1/2 Ivanov,T-Pribyl,J/Pardubice 1996/CBM 55 ext (20)}) 7... O-O 8.
Qd2 Nc6 9. d5 Ne5 10. h3 c6 11. f4 Ned7 12. O-O Qa5 13. Rad1 Rfc8 14. f5 cxd5
15. cxd5 Nb6 16. Bh6 Na4 17. Nxa4 Qxa4 18. Bxg7 Kxg7 19. b3 Qe4 20. Bd3 Qxd5
$17 {0-1 Bellin,J-Iskov,G/Copenhagen 1989/EXT 2000 (35)}) (6. f4 Bg7 7. Bd3 (7.
g3 O-O 8. Bg2 c6 9. d5 Nbd7 10. O-O Nb6 11. dxc6 bxc6 12. c5 dxc5 13. Bxc6 Rc8
14. Bf3 e6 15. Qe2 Nfd5 16. Bd2 {1/2-1/2 Lima,D-Slipak,S/Sao Paulo 1993/CBM 36
(16)}) 7... Nbd7 8. O-O O-O 9. Re1 e6 10. Qf3 c6 11. d5 Nc5 12. Bc2 Qb6 13. Rb1
Qb4 14. Be3 Qxc4 15. Bxc5 Qxc5 16. dxe6 d5 17. Bb3 Qd6 18. exf7+ Rxf7 19. Rbd1
Kh8 20. g3 $11 {1-0 Carrara,F-Bozzi,G/Lombardia 1990/EXT 2000 (32)}) (6. Be3
Bg7 (6... Nbd7 7. d5 Bg7 8. Be2 O-O 9. O-O c6 10. Qb3 cxd5 11. cxd5 Qb8 12.
Rfc1 Rc8 13. f4 a6 14. a4 b6 15. Bf3 Nc5 16. Qd1 Ra7 17. b4 Ncd7 18. Ne2 Rac7
19. Nd4 $16 {1-0 Stohl,I-Pribyl,J/Germany 1994/GER-chT (56)}) 7. Qb3 (7. Qd2 c6
8. Bd3 Nbd7 9. O-O-O c5 10. d5 Ne5 11. Be2 h5 12. h3 a6 13. f4 Ned7 14. g4 Qa5
15. g5 Nh7 16. Qc2 Rb8 17. a4 Nhf8 18. Bd2 Nb6 19. b3 Nc8 20. Bd3 Qc7 21. f5
$16 {1-0 Kekki,J-Valkesalmi,K/Helsinki 1992/EXT 2000 (41)}) 7... b6 (7... Qc8
8. g3 O-O 9. h4 c5 10. Bh3 Qc7 11. d5 Nbd7 12. f4 a6 13. O-O b5 14. cxb5 axb5
15. Nxb5 Qa5 16. Nc3 Rfb8 17. Qc2 Nb6 {'©' Salov. Salov: 'Pushkov,N-Berelovich,
A/Azov/1995/CBM46/'} 18. Bg2 Nc4 19. Bc1 Nd7 20. Nd1 $16 {0-1 Pushkov,
N-Berelovich,A/Azov 1995/CBM 46 (58)}) 8. g3 O-O 9. Bg2 c6 10. O-O Nbd7 11.
Rfd1 Qc7 12. a4 a5 13. d5 c5 14. Rd2 Nb8 15. Bh3 Na6 16. Re1 Nb4 17. Nb5 Qd8
18. Rde2 $16 {1-0 Szypulski,A-Backwinkel,P/Germany 1991/GER-chT2 (44)}) (6. g3
Bg7 (6... Nbd7 7. Bg2 Bg7 8. O-O O-O 9. Re1 c6 10. d5 Nb6 11. f4 Rc8 12. Qe2
Re8 13. Be3 cxd5 14. cxd5 Rxc3 15. Bxb6 Qxb6 16. bxc3 $18 {1-0 Baburin,A-Short,
P/Bunratty 1997/EXT 99 (40)}) 7. Bg2 O-O 8. O-O c6 9. f4 e6 10. b3 d5 11. Re1
Na6 12. Ba3 Re8 13. Qd3 Qa5 14. Bb2 Red8 15. cxd5 Nb4 16. Qe2 Nbxd5 17. Na4 Ne8
18. Nc5 Qc7 19. Nd3 Ne7 20. Ne5 Nf5 21. Rad1 $14 {0-1 Pecina,M-Pakosta,M/
Moravia 1994/EXT 97 (38)}) (6. d5 Bg7 7. Bd3 O-O 8. f4 Qc8 9. O-O a5 10. h3 Na6
11. Re1 e6 12. a3 Nc5 13. Bc2 Nfd7 14. Bd2 Nb6 15. b3 Re8 16. dxe6 Nxe6 17. f5
Nd4 18. Rxe8+ Qxe8 19. fxg6 hxg6 20. Rb1 $11 {1/2-1/2 Schuh,H-Staiger,F/
Germany 1999/CBM 74 ext (49)}) 6... Bg7 7. f4 c6 8. h4 h5 9. g5 Nfd7 10. d5 Nc5
11. Bg2 cxd5 12. cxd5 Nba6 13. O-O Qd7 14. Kh2 Qg4 15. Ne2 Qf5 {1/2-1/2
Moskalenko,V-Romanishin,O/Donetsk 1998/CBM 68/[Meulders] (15)}) (5... Nc6 6. d5
Ne5 7. f4 Ned7 8. Qe2 g6 9. g3 Bg7 10. Bh3 O-O 11. O-O c6 12. Be3 cxd5 13. cxd5
Re8 14. Rfd1 a6 15. a4 Qa5 16. Bd4 h5 $6 (16... Nc5) 17. b4 $1 Qxb4 18. Rab1
Qa5 19. Rxb7 Nc5 20. Bxc5 Qxc5 21. Ne4 Qa5 22. Nxf6+ Bxf6 23. f5 $16 {0-1
Marinic,M-Palider,P/SVK 1997/EXT 99 (34)}) (5... Nbd7 6. Be3 (6. f4 e6 7. Qb3
Rb8 8. Be3 c5 9. Be2 Be7 10. O-O-O a6 11. dxc5 dxc5 12. g4 O-O 13. g5 Ne8 14.
Ne4 Qc8 15. Qd3 Nb6 16. h4 Qc7 17. h5 $16 {1-0 Plachetka,J-Vykydal,F/Frenstat
1982/MCD (36)}) (6. g3 e6 7. Qb3 Rb8 8. Bg2 Be7 9. O-O O-O 10. Be3 c6 11. Rfd1
Qa5 12. d5 exd5 13. cxd5 c5 14. a4 a6 15. Qc2 Rfe8 16. f4 Qc7 17. Bf3 h5 18. h3
Nf8 19. Qe2 b5 20. axb5 axb5 21. Bxh5 $16 {0-1 Ostrowski,L-Hacche,D/Melbourne
1993/EXT 99 (69)}) (6. Bd3 g6 7. Be3 Bg7 8. Qd2 c5 9. d5 Ne5 10. Be2 Qa5 11.
O-O h6 12. a3 Qd8 13. Ne4 h5 14. h3 Ned7 15. Rab1 O-O 16. Bh6 $16 {1-0 Mc Cart,
R-Butler,G/Belconnen 1994/EXT 99 (27)}) 6... e5 7. Bd3 Be7 8. O-O O-O 9. Qc2 c6
10. Rad1 Qc7 11. Rfe1 Rfe8 12. Ne4 Nxe4 13. fxe4 c5 14. d5 Nf8 15. Qe2 Ng6 16.
g3 Qd7 17. Kg2 Bd8 18. h4 $14 {1-0 Hastik,S-Vykydal,F/Moravia-chT 9697 1997/
EXT 98/[Meulders] (58)}) (5... c6 6. f4 (6. Bd3 d5 (6... g6 7. O-O Bg7 8. f4
O-O 9. f5 d5 10. c5 b6 11. Ne2 Nbd7 12. Qc2 bxc5 13. dxc5 Ne5 14. Nd4 Nxd3 15.
Qxd3 Qd7 16. b4 Ne4 17. Bb2 gxf5 $17 {0-1 Cooper,J-Levitt,J/Plymouth 1989/CBM
15 (36)}) 7. f4 dxc4 8. Bxc4 e6 9. f5 exf5 10. O-O Bd6 11. Re1+ Kf8 12. Qf3 Qc7
13. Qxf5 Bxh2+ 14. Kh1 Bd6 15. Qxf6 {1-0 Douven,R-Zagema,W/Groningen 1989/EXT
98 (15)}) 6... e6 7. d5 exd5 8. cxd5 Be7 9. Bc4 O-O 10. O-O Nbd7 11. Be3 c5 12.
a4 a6 13. g4 g6 14. Bd3 Re8 15. f5 Nb6 16. g5 Nfd7 17. f6 Bf8 18. a5 $16 {
1-0 Boensch,U-Appel,R/Germany 1995/GER-chT (24)}) 6. d5 (6. Be3 c6 (6... Be7 7.
Qb3 Qc8 8. Be2 O-O 9. f4 c6 10. d5 Na6 11. Bf3 exd5 12. cxd5 c5 13. O-O Nc7 14.
a4 b6 15. Qc4 a6 16. b4 b5 17. Qb3 cxb4 18. Qxb4 a5 19. Qb3 b4 $15) 7. Bd3 d5
8. a3 dxc4 9. Bxc4 Be7 10. Qc2 Nbd7 11. Ba2 O-O 12. Rd1 Re8 13. Bb1 Nf8 14. O-O
Nd5 $11) (6. Bd3 c6 7. O-O g6 8. d5 Nbd7 9. Re1 e5 10. f4 Be7 11. dxc6 bxc6 12.
Qf3 Rc8 13. Be3 Qc7 14. g4 $16) (6. g3 Be7 7. Bg2 d5 8. Qb3 b6 9. f4 c6 10. f5
Qd7 11. O-O exf5 12. cxd5 O-O 13. Bf4 Bd6 14. Bg5 Nxd5 15. Nxd5 cxd5 16. Bxd5
$16) (6. f4 d5 7. f5 exf5 8. Qb3 Qc8 9. cxd5 Be7 10. Be2 O-O 11. O-O Nbd7 12.
Bf3 Ne8 13. Bf4 Bd6 14. Bxd6 Nxd6 15. Nb5 Nf6 $11) (6. Be2 Be7 7. O-O O-O 8.
Be3 c6 9. b4 Nbd7 10. d5 exd5 11. cxd5 Nb6 12. dxc6 bxc6 13. Rc1 a5 14. Ne4
Nbd5 15. Rxc6 Nxe3 16. Nxf6+ Bxf6 17. fxe3 axb4 18. Bc4 Qe8 19. Qxd6 Qxe3+ 20.
Kh1 Bc3 {1/2-1/2 Commons,K-Karklins,A/Houston 1974/EXT 98 (20)}) 6... e5 (6...
exd5 7. cxd5 Be7 8. Qb3 Qc8 9. Be2 Nbd7 10. O-O O-O 11. Be3 Nc5 12. Qc2 a5 13.
a3 Re8 14. b4 axb4 15. axb4 Na6 16. Qb3 $14) 7. Be2 Nbd7 8. Be3 Be7 9. f4 {
So bekommt Weiss mehr Raum für den Be2.} exf4 10. Bxf4 Ne5 {Wegen des
Laüferpaars dürfte Weiss um eine Kleinigkeit besser stehen, aber vorlaüfig hat
Schwarz das schöne Feld e5 für den Springer.} 11. Be3 (11. O-O O-O 12. Qd4 Ng6
(12... Nfd7 13. Rae1 Re8 14. Bg3 Bf6 {/\...Nf3-+} 15. Qd2 Nb6 16. b3 Bh4 17. f4
Bxg3 18. hxg3 Ned7 19. Bd3 Qf6 20. Bc2 $11) 13. Bg3 $14) 11... O-O 12. f4 Ng6
13. h4 $5 (13. O-O $14) 13... Nd7 $1 {[%csl Rg3,Rh4]} 14. g3 Re8 $11 {/=+} 15.
Qd2 Bf6 16. Bd4 Nc5 (16... Bxd4 17. Qxd4 Qf6 18. O-O-O Qxd4 19. Rxd4 $14) 17.
O-O-O Qe7 (17... Bxd4 18. Qxd4 Ne7 19. g4 $14) 18. h5 Nf8 19. h6 g6 20. b4 {
Es ist typisch dass der Spieler mit dem Laüferpaar die schwarze Springer von
ihren Posten zu vertreiben versucht. Selbst wenn die schwarzfeldrigen Laüfer
getauscht werden, wird der weissfeldrigen Laüfer dem schwarzen Springer
überlegen sein.} Ncd7 21. Bf3 {Weiss droht jetzt mit einem Turm auf e1 die
schwarze Dame zu vertreiben so dass die folgende Abwicklung für Schwarz eine
gute Idee erscheint.} Bxd4 22. Qxd4 Qe3+ 23. Kc2 (23. Qxe3 $4 Rxe3 $19) 23...
Qxd4 24. Rxd4 f5 {Kontrolliert jetzt Feld e4, aber gibt Weiss einen
Anhaltspunkt (g3-g4).} (24... a5 $6 25. a3 (25. b5 Nc5 26. Ne4 Nxe4 27. Bxe4
Nd7 28. g4 Nc5 29. Bg2 Re2+ 30. Rd2 Rae8 $11) 25... Re3 (25... axb4 26. axb4 f5
27. Nb5 Ra2+ 28. Kb3 Rf2 29. Rd3 Rc8 30. Ra1 $18) 26. Rd3 Re7 27. Nb5 Nb6 28.
c5 $16) 25. Nb5 Rac8 26. g4 $1 a6 27. Nc3 Re3 28. Rd3 Rce8 (28... Rxd3 29. Kxd3
fxg4 30. Bxg4 Re8 31. Ne4 $16) 29. g5 $5 {Weiss legt die schwarzen Bauern auf
die Farbe seines Laüfers fest, aber Ph7 ist nicht leicht heranzukommen. Es
sieht verlockend aus die schwarze Kônigstellung zu schwächen, aber m.E.
liefert das nichts auf:} (29. gxf5 gxf5 (29... Nb6 30. Nd1 Rxd3 31. Kxd3 gxf5
32. Rh5 $18) 30. Bh5 Ng6 $1 (30... R8e7 31. Rg1+ Kh8 32. Rg5 $18) 31. Rg1 Kf7
32. Rxe3 (32. Rg5 Kf6) 32... Rxe3 33. Bxg6+ hxg6 34. Rh1 Kg8 $1 35. Kd2 Rf3 36.
Rh4 Nb6 $17) 29... Nb6 30. Rxe3 Rxe3 31. Be2 Na4 32. Bd3 Nxc3 33. Kxc3 Rf3 34.
Rf1 Rh3 $1 35. Rf2 Nd7 36. Kd4 a5 $1 {Falls Schwarz Feld c5 für den Springer
erobert steht er ganz gut.} 37. a3 Kf7 38. Kc3 Nb8 $1 39. Kd4 axb4 40. axb4 Na6
41. b5 $8 Nc5 {Auftrag ausgeführt!} 42. Bc2 Ke7 43. Re2+ Kd7 44. Re3 Rh2 {
Die Chancen sind völlig ausgeglichen; beide Gegner können auf Gewinn spielen
und das ist gerade was sie machen.} 45. Rc3 Re2 46. Bb1 c6 $6 (46... Re1 $11)
47. bxc6+ bxc6 48. Ra3 Kc7 49. Ra7+ Nb7 50. dxc6 (50. Ra8 Rb2 51. Bd3 Nc5 $13)
50... Kxc6 51. Bd3 Re1 52. Ra6+ Kc7 53. Bc2 Re2 54. Kc3 (54. Ba4 $2 Nc5 55.
Rc6+ Kb7 56. Bb5 Rd2+ 57. Ke3 Rd3+ 58. Ke2 Rd4 59. Ke3 Ne6 $17) 54... Kb8 55.
c5 $5 d5 $1 (55... dxc5 $2 56. Bb3 {[%cal Gb3g8,Gg8h7,Gh7f5]} Re3+ 57. Kc2 Re4
58. Bg8 Rxf4 59. Bxh7 Rg4 60. Bxg6 Rxg5 61. h7 Rg2+ 62. Kd3 Rh2 63. Rf6 $1 $18
{/\Rf8+-}) (55... Nxc5 56. Rxd6 Kc7 (56... Ne4+ $2 57. Bxe4 Rxe4 58. Rd7 Rxf4
59. Rxh7 Rg4 60. Rg7 Rxg5 61. h7 $18) 57. Rd2 $14) 56. c6 Nc5 57. Ra5 d4+ 58.
Kxd4 Ne6+ 59. Kc3 Nxf4 $11 60. Rb5+ Kc7 61. Rb7+ Kxc6 62. Rxh7 Nd5+ 63. Kb3 Rh2
64. Rh8 (64. Rg7 Nf4) 64... Rh3+ 65. Ka4 Kc5 66. Rc8+ Kd6 67. Kb5 Ke5 68. Rg8
Nc7+ 69. Kc4 Rh4+ 70. Kd3 Ne6 1/2-1/2

[Event "BIH-chT"]
[Site "Neum"]
[Date "2002.06.02"]
[Round "1.4"]
[White "Lugovoi, Aleksei"]
[Black "Jusic, Zdenko"]
[Result "1-0"]
[WhiteElo "2510"]
[BlackElo "2432"]
[Annotator "Meulders,R"]
[PlyCount "105"]
[EventDate "2002.06.02"]
[EventType "team"]
[EventRounds "9"]
[EventCountry "BIH"]
[SourceTitle "CBM 090"]
[Source "ChessBase"]
[SourceDate "2002.09.20"]
[SourceVersion "1"]
[SourceVersionDate "2002.09.20"]
[SourceQuality "1"]
[WhiteTeam "Kiseljak"]
[BlackTeam "Brijeg"]
[WhiteTeamCountry "BIH"]
[BlackTeamCountry "BIH"]

1. d4 Nf6 2. c4 d6 3. Nc3 Bf5 4. g3 e5 5. Nf3 Nc6 6. Bg2 Qd7 7. O-O h6 $6 {
Dieser Zug hat selbstverständlich keinen Sinn, weil Schwarz nicht die Absicht
hat Bh7 zu spielen.} (7... Be7 $14) 8. b3 Rd8 $6 (8... O-O-O 9. d5 Ne7 10. Ba3
g5 11. Re1 Ng6 12. e4 Bh3 13. b4 Bxg2 14. Kxg2 g4 15. Nd2 h5 16. c5 h4 17. Nc4
hxg3 18. hxg3 Kb8 {mit etwa gleichen Chancen.}) (8... Be7) 9. Bb2 Bg4 $6 {
Zum dritten Mal vernachlässigt Schwarz die Entwicklung des Königsflügels.} (
9... Bh3 $6 10. Nd5 Nxd5 11. cxd5 Bxg2 12. Kxg2 (12. dxc6 Qh3 13. Re1 bxc6 14.
dxe5 dxe5 15. Qc2 $18)) (9... Be7 $1 10. d5 $1 (10. Nd5 $6 e4 $5 11. Nd2 Nxd5
12. cxd5 Nb4 13. Nxe4 Nxd5 14. Nd2 c6 $11) 10... Nb8 (10... Nb4 11. a3 Na6 12.
b4 {[%csl Ra6]} O-O 13. e4 Bh3 (13... Nxe4 14. Nxe4 Bxe4 15. Nxe5 dxe5 16. Bxe4
f5 17. Bc2 e4 18. f3 $18)) 11. e4 Bh3 12. Qd3 $14) 10. Nd5 Bxf3 11. Nxf6+ gxf6
12. exf3 Bg7 {[%csl Rf6,Rf7,Rg7,Rh6]} 13. f4 $1 h5 (13... exf4 14. Re1+ Kf8)
14. Qe2 Kf8 15. dxe5 fxe5 16. fxe5 Nxe5 17. f4 Ng4 18. Rae1 Bxb2 19. Qxb2 Rh6
$18 {[%cal Gg2b7,Gb2h8,Ge1e8]} 20. h3 Nf6 21. f5 Re8 22. Qd2 Kg7 23. Rxe8 Qxe8
24. Bxb7 $18 Qe5 25. Qf2 h4 26. g4 Nh7 27. Re1 Ng5 28. Kg2 (28. Rxe5 Nxh3+ 29.
Kg2 Nxf2 30. Re7 Nxg4 $13) 28... Qf6 29. Bc6 {[%csl Gc6][%cal Gc6e8,Gc6f3,
Gc6a8]} Rh8 30. Qxa7 Qb2+ 31. Qf2 Qxf2+ 32. Kxf2 Nxh3+ 33. Kf3 Ng5+ 34. Kg2 Rb8
35. Re7 Kf6 36. Rxc7 Ke5 37. Rd7 Rb6 38. Bd5 Kf4 39. Rb7 Ra6 40. a4 Kxg4 41.
Rb5 h3+ 42. Kh2 f6 43. a5 Ra7 44. Bb7 {[%csl Ra7]} Nf7 45. a6 Ne5 46. Rb6 Kh4
47. Rxd6 Ng4+ 48. Kg1 Kg3 49. Rd3+ Kf4 50. Rd4+ (50. Rxh3 $18) 50... Kg3 51.
Rxg4+ Kxg4 52. c5 Kxf5 53. c6 1-0

[Event "EU-ch 3rd"]
[Site "Batumi"]
[Date "2002.06.15"]
[Round "4"]
[White "Mamedyarov, Shakhriyar"]
[Black "Priehoda, Vitezslav"]
[Result "1-0"]
[WhiteElo "2542"]
[BlackElo "2425"]
[Annotator "Meulders,R"]
[PlyCount "99"]
[EventDate "2002.06.12"]
[EventType "swiss"]
[EventRounds "13"]
[EventCountry "GEO"]
[SourceTitle "CBM 090"]
[Source "ChessBase"]
[SourceDate "2002.09.20"]
[SourceVersion "1"]
[SourceVersionDate "2002.09.20"]
[SourceQuality "1"]

1. d4 d6 2. Nf3 Bg4 3. c4 c6 4. Nc3 Nf6 5. g3 Bxf3 6. exf3 d5 $1 7. f4 $6 (7.
c5 g6 8. Bh3 Bg7 9. O-O O-O 10. Re1 b6 11. b4 a5 12. Na4 Nbd7 13. Bd2 b5 14.
Nb2 Nh5 15. Bc3 axb4 16. Bxb4 e6 17. Re2 Qf6 18. Rd2 Nb8 19. Bg4 Na6 20. a3
Nxb4 (20... Bh6 21. Rd3 Ng7 22. Bd2 Bxd2 23. Qxd2 e5 24. dxe5 Qxe5 25. Re1 Qf6
{mit klarem Vorteil für Schwarz.}) 21. axb4 e5 22. Rxa8 Rxa8 23. Bxh5 gxh5 24.
dxe5 Qxe5 $15 {1/2-1/2 Rashkovsky,N-Pereszupkin,A/Baku 1977/MCL (44)}) (7. Qb3
Qd7 (7... Qb6 8. cxd5 Qxb3 9. axb3 Nxd5 10. Nxd5 cxd5 11. Bb5+ Nc6 12. Bf4 e6
13. O-O Be7 (13... Kd7 $1 $17) 14. Rfc1 Bf6 15. Ra4 (15. Rxc6 bxc6 16. Bxc6+
Ke7 17. Bxa8 Rxa8 18. Ra4 $11) 15... Kd7 16. Bxc6+ bxc6 17. Rca1 a6 18. Kf1 g5
19. Be3 Rhb8 20. Rxa6 Rxa6 21. Rxa6 Rxb3 22. Ra7+ Ke8 23. Ra8+ Ke7 24. Ra7+ Kf8
25. Ra8+ Kg7 26. Rc8 Rxb2 $17 {1/2-1/2 Fraschini,M-Spangenberg,H/Buenos Aires
1991/EXT 2002 (52)}) 8. Bg5 (8. c5 g6 9. h4 Bg7 10. Bh3 e6 11. O-O O-O 12. Bf4
Nh5 13. Be5 Bxe5 14. dxe5 Qc7 15. f4 b6 16. cxb6 axb6 17. Rfe1 Ng7 18. Rac1 c5
19. Nb5 Qd8 20. a4 Nc6 21. Qd1 Na7 22. Nc3 Nc6 23. Nb5 Na7 24. Nc3 Nc6 {
1/2-1/2 Kohlweyer,B-Jonker,M/Groningen 1991/CBM 26 ext (24)}) 8... e6 9. Rd1
Be7 10. Bd3 O-O 11. O-O Re8 12. Rfe1 {1/2-1/2 Matamoros Franco,C-Slipak,S/
Mendoza 1985/MCD (12)}) (7. Bd3 e6 8. O-O dxc4 $6 (8... Be7 $11) 9. Bxc4 g6 $6
(9... Be7) 10. Re1 Bg7 11. Qb3 $1 b5 12. Bxe6 $1 fxe6 13. Qxe6+ Kf8 14. Bf4 Ne8
15. Bg5 $1 Bf6 16. Ne4 Nd7 17. Nd6 Nxd6 18. Bh6+ {1-0 Petkevich,J-Andonov,B/
Naleczow 1988/EXT 97 (18)} (18. Bh6+ Bg7 19. Qxd6+ Kg8 20. Re7 Qxe7 $8 21. Qxe7
Bxh6 22. Qxd7 $18 {Zum Horrorthema der vernachlässigten Entwicklung.})) 7... e6
(7... dxc4 8. Bxc4 e6 {[%csl Rd4] und Schwarz hat kein einziges Problem.}) 8.
Be3 dxc4 9. Bxc4 Nbd7 {[%csl Re3]} 10. f5 $1 {[%csl Ge3][%cal Ge3g5]} Nb6 11.
Bd3 exf5 12. Bxf5 g6 (12... Bd6) 13. Bc2 Bg7 14. Qf3 Nbd5 15. Bb3 O-O 16. O-O
Re8 17. Rad1 h6 $2 {[%csl Rh6][%cal Ge3h6] Warum dieses Eselsohr?} (17... Qd7
$15) 18. Rfe1 $11 Qd7 19. Bd2 Rad8 20. Re5 $1 {Mit aktivem Spiel kompensiert
Weiß den Nachteil des Isolani auf d4.} Kh7 21. Rde1 Nc7 22. Rxe8 Rxe8 23. Rxe8
Qxe8 $2 (23... Ncxe8 $11) (23... Nfxe8 $11) 24. Bxh6 $1 {Genau! Weiß gewinnt
einen Bauer.} Ne6 (24... Bxh6 25. Qxf6 $16) (24... Kxh6 25. Qf4+ Kh7 26. Qxc7
$16) 25. Be3 Qd7 26. d5 Nxd5 27. Nxd5 cxd5 28. Qxd5 Qc7 29. Qd2 Nc5 30. Bd5 b6
31. b3 Be5 32. Qb4 Qe7 33. Kg2 Kg7 34. Qc4 Qd7 35. b4 {Technisch ist die
Partie gewonnen: Mehrbauer und Läuferpaar.} Na4 $2 (35... Ne6) 36. Bc6 Qc7 {
Der Beginn einer Nummer Seiltanzen.} 37. Bd4 (37. b5 $5 Nc5 (37... Nb2 38. Qe2
$16) 38. Bxc5 bxc5 39. Qxc5 $18 {Mit zwei Minusbauern bieten die
ungleichfarbige Läufer keine Remisaussichten.}) 37... Nb2 (37... f6) 38. Qc3
Nd3 (38... Bxd4 39. Qxd4+ Kg8 40. b5 $1 {und der schwarze Springer ist
ausgesprungen.}) (38... f6) 39. b5 f6 (39... Kg8 40. Bxb6 $1 Qxb6 41. Qxd3 $18)
40. Bxe5 Nxe5 41. Qd4 {Versucht Schwarz zu Nxc6 zu verleiten.} (41. f4 Nd7 42.
Qd4 Nc5 43. h4) 41... Nf7 (41... Nxc6 42. Qc4 Qf7 43. Qxf7+ $1 (43. Qxc6 $2
Qxa2 $11) 43... Kxf7 44. bxc6 Ke7 45. h4 f5 46. f4 Kd6 47. g4 fxg4 48. f5 $18)
42. h4 g5 43. h5 (43. hxg5 Nxg5 44. f4 Ne6 45. Qd1 {[%cal Gd1g4]} Kf8 46. Qh5
Qd6 47. Qh8+ $16) 43... Ne5 44. Qe4 (44. a4 $16) 44... Qf7 45. g4 $6 {Es ist
Weiß gelungen, seinen einst großen Vorteil fast völlig zu vergeben.} (45. Qa4)
45... Qe6 $6 (45... Qxa2 $1 $11 46. Qf5 Qe2) 46. Kg3 Qxa2 47. Qf5 {[%csl Rg7]}
Qf7 $6 {Passiv.} (47... Qc4) 48. Be4 {[%cal Ge4h7,Gf5c8,Gh5h6,Gc8h8]} Kh6 $2 {
Sehr schlecht, aber die schwarze Lage ist schon kritisch.} (48... Qb3+ 49. Kg2
(49. f3 Qxb5 50. h6+ Kf7 51. Qh7+ Ke6 52. Qg8+ Ke7 53. h7 Qf1 $11) 49... Qg8
50. h6+ Kxh6 51. Qxf6+ Ng6 52. Bxg6 Qxg6 53. Qh8+ Qh7 54. Qxh7+ Kxh7 55. Kf3
Kg6 56. Ke4 Kf6 57. f4 gxf4 58. Kxf4 $18) 49. Qc8 Kg7 $4 {Offensichtlich ein
schrecklicher Bock, aber auch nach dem einzigen Zug} (49... Qg7 50. Bf5 {
steht Schwarz verloren. Er steht fast auf Patt, außer Nf7, und Schwarz wird
schnell austempiert:} Nf7 51. Qb8 Ne5 52. f3 Nc4 53. f4 $1 {und Weiß gewinnt
den Springer:} gxf4+ 54. Qxf4+ Qg5 55. Qxc4 Qe3+ 56. Kg2 Qd2+ 57. Kf3 Qd1+ 58.
Kf2 Qd2+ 59. Qe2 $18) 50. h6+ (50. h6+ Kxh6 51. Qh8+ Qh7 52. Qxh7#) 1-0

[Event "Boavista Masters"]
[Site "Porto"]
[Date "2000.01.02"]
[Round "6"]
[White "Damaso, Rui"]
[Black "Georgiev, Vladimir"]
[Result "1/2-1/2"]
[WhiteElo "2399"]
[BlackElo "2519"]
[Annotator "Meulders,R"]
[PlyCount "42"]
[EventDate "1999.12.27"]
[EventType "tourn"]
[EventRounds "9"]
[EventCountry "POR"]
[EventCategory "9"]
[SourceTitle "CBM 075"]
[Source "ChessBase"]
[SourceDate "2000.04.05"]
[SourceVersion "1"]
[SourceVersionDate "2000.04.05"]
[SourceQuality "1"]

1. d4 Nf6 2. c4 d6 3. Nc3 Bf5 4. g3 Ne4 5. Bg2 Nxc3 6. bxc3 Nc6 7. e4 Bd7 8. f4
e5 9. Nf3 Be7 10. O-O O-O 11. fxe5 dxe5 12. d5 Na5 13. Nxe5 Bd6 14. Bf4 Bxe5
15. Bxe5 f6 16. Bf4 Nxc4 17. Qd4 Nd6 18. c4 (18. e5 fxe5 19. Bxe5 Qe7 20. Rae1
Rxf1+ 21. Rxf1 $11) 18... Re8 19. c5 Nf7 {[%csl Ge5]} 20. Rab1 b6 21. Qc4 Ne5 (
21... Ne5 22. Bxe5 Rxe5 23. cxb6 cxb6 24. Rbc1 Rc8 25. Qa6 Rc7 26. Rxc7 (26.
Rc4 {/\Rfc1} Bg4 $1 {/\...Be2}) 26... Qxc7 27. Qa3 $14) 1/2-1/2